50 Flicks to Click (1986) Quiz Stats

Quiz Updated Mar 15, 2016

Challenge
Share
Tweet
Embed
Score 0/50 Timer 05:00
6 Plays Today
% Correct
Pink
94.3%
Crocodile
94.1%
Ferris
94%
Horrors
93.3%
Stand
92.7%
Ho
91.2%
Top
91%
Flash
89.4%
Married
89.1%
Die
88.4%
China
88.4%
Blue
88%
Nine
87.7%
Three
87.5%
Down
87.3%
Money
85.6%
Lesser
85.2%
Duck
85%
Range
84.8%
Pit
84.8%
About
84.2%
Hannah
82.9%
Sky
81.9%
Circuit
81.7%
Mouse
81.6%
% Correct
School
80.1%
Milo
79.4%
It
79.3%
Home
79.2%
Overdrive
78.5%
Delta
76.4%
Nancy
75.1%
River's
71.3%
Eagles
71%
Bear
70.7%
Scared
70.2%
Tail
69.9%
Crimes
68%
Heartbreak
66.9%
Navigator
66.3%
Crazy
66.1%
Golden
64.7%
Jane
64.5%
Ruthless
61.3%
Rose
60.7%
Mosquito
57.2%
Henry
53%
Wild
52.9%
Cherry
48.5%
Betty
42.4%

You're not logged in!

Compare scores with friends on all Sporcle quizzes.
Sign Up with Email
OR
Log In

You Might Also Like...

Show Comments

Extras

Top Quizzes Today


Score Distribution

Your Account Isn't Verified!

In order to create a playlist on Sporcle, you need to verify the email address you used during registration. Go to your Sporcle Settings to finish the process.